000 01061nam a22003137a 4500
003 CHAP
005 20250515062727.0
008 971013s1973 r 00010 d
010 _a41281
011 _a42253
035 _a46381
040 _cCHAP
090 _aTesis
100 0 0 _aFonseca Zamora, Jorge Eduardo.
_942148
245 _aEstabilización de precios con base en los costos de producción; aplicación al maíz (Zea mays L.)
260 _aSan José :
_b(s.e.),
_c1973
300 _a72 h.
_b: gráfs. ; mapa
502 _aTesis () -- Univ. de Costa Rica . Fac. de Agronomía. Depto. de Economía Agrícola
590 _aALEPH
_b10
_c20130110
_lUCH01
_h1310
590 _aBATCH-UPD
_b10
_c20130110
_lUCH01
_h1723
590 _aBATCH-UPD
_b10
_c20130410
_lUCH01
_h1106
590 _aBATCH-UPD
_b10
_c20130914
_lUCH01
_h1751
590 _aCONVERSION
_b10
_c20130109
_lUCH01
_h1323
650 1 7 _aMaíz
_xCostos de producción
_2
_970915
650 1 4 _aMaíz
_xPrecios.
_971039
901 _aBK
942 _cTESIS
949 _bBC
_cTES
_d-105778
_eTS1
_i46381
_si
999 _c41281
_d41281